| 000 | 00401nam a2200169Ia 4500 | ||
|---|---|---|---|
| 003 | GCL | ||
| 008 | 140319s9999 xx 000 0 eng d | ||
| 040 |
_aGCL / _cGCL |
||
| 082 | 0 | 4 |
_a909 _bT E |
| 100 | 1 | _aTUCCI, GIUSEPPE | |
| 245 | 1 | 0 |
_aEAST AND WEST (VOL 40 - 44) / _cTUCCI, GIUSEPPE |
| 260 |
_a[S.N] : _bISMEO |
||
| 650 | 0 | 4 | _aASIA |
| 650 | 0 | 4 | _aARCHAEOLOGY |
| 650 | 0 | 4 | _aORIENT |
| 942 |
_2ddc _cBK |
||
| 999 |
_c12491 _d12491 |
||